| 000 | 00332nam a2200109Ia 4500 | ||
|---|---|---|---|
| 008 | 171211s9999 xx 000 0 und d | ||
| 245 | _aProtecting Children's Health in a Changing Environment | ||
| 245 | _cWHO Regional Office for Europe | ||
| 260 | _c2011 | ||
| 650 | _xitness | ||
| 856 | _uhttp://down.ebook777.com/064/9289014199.pdf | ||
| 999 |
_c348849 _d348849 |
||